<?xml version="1.0" encoding="UTF-8"?>
<collection xmlns="http://www.loc.gov/MARC21/slim">
  <record>
    <leader>00000nam  2200000   4500</leader>
    <controlfield tag="001">INLIS000000000003326</controlfield>
    <controlfield tag="005">20190812105255</controlfield>
    <datafield tag="035" ind1="#" ind2="#">
      <subfield code="a">0010-0718003326</subfield>
    </datafield>
    <controlfield tag="008">190812################g##########0#|##</controlfield>
    <datafield tag="041" ind1=" " ind2=" ">
      <subfield code="a">id</subfield>
    </datafield>
    <datafield tag="082" ind1="#" ind2="#">
      <subfield code="a">297</subfield>
    </datafield>
    <datafield tag="090" ind1=" " ind2=" ">
      <subfield code="a">297 Kav i</subfield>
    </datafield>
    <datafield tag="100" ind1=" " ind2="#">
      <subfield code="a">Karsa, M. Imam</subfield>
    </datafield>
    <datafield tag="245" ind1="1" ind2="#">
      <subfield code="a">Islam dan Pancasila /</subfield>
      <subfield code="c">M. Imam karsa</subfield>
    </datafield>
    <datafield tag="260" ind1="#" ind2="#">
      <subfield code="a">Jakarta :</subfield>
      <subfield code="b">C.V.Keluarga,</subfield>
      <subfield code="c">1981</subfield>
    </datafield>
    <datafield tag="300" ind1="#" ind2="#">
      <subfield code="a">119 hlm. ;</subfield>
      <subfield code="c">22 cm</subfield>
    </datafield>
    <datafield tag="650" ind1=" " ind2="#">
      <subfield code="a">Pancasila</subfield>
    </datafield>
    <datafield tag="084" ind1="#" ind2="#">
      <subfield code="a">297 Kav i</subfield>
    </datafield>
    <datafield tag="250" ind1="#" ind2="#">
      <subfield code="a">ed.1</subfield>
    </datafield>
    <datafield tag="502" ind1="#" ind2="#">
      <subfield code="a">Buku ini menjelaskan tentang Islam dan hubungannnya dengan Pancasila, meliputi Garis-garis Besar Cita-Cita Islam (meliputi Semangat Islam, Kebebasan Beragama, Persamaan Hak dalam Praktek,perdamaian dan persaudaraan, Humanisme, Solidaritas, keadialn dan kebebasan, pengaruh kebebasan kehendak manusia atas manusia kolektif, pengaruh terhadap sistem pengendalian pemerintah), Dasar-dasar Kehidupan soisial Islam, Dasar-dasar Kehidupam ekonomi dan Islam, Hak Milik,</subfield>
    </datafield>
    <datafield tag="856" ind1="#" ind2="#">
      <subfield code="a">Perpustakaan Lembaga Administrasi Negara</subfield>
    </datafield>
    <datafield tag="990" ind1="#" ind2="#">
      <subfield code="a">18015</subfield>
    </datafield>
    <datafield tag="990" ind1="#" ind2="#">
      <subfield code="a">18015</subfield>
    </datafield>
    <datafield tag="990" ind1="#" ind2="#">
      <subfield code="a">18014</subfield>
    </datafield>
  </record>
</collection>
